Animal Crossing Personnages spéciaux - Statistiques

Statistiques générales
  • Ce quiz a été pris 550 fois
  • Le résultat moyen est 33 sur 63
Statistiques - réponses
Hint Réponse % Correct
Chienne (shih tzu) jaune travaillant à la mairie Marie
97%
Tanuki tenant un magasin de son nom puis travaillant à l’Académie des Joyeux Décorateurs Tom Nook
94%
Tanukis jumeaux neveux de Tom Nook et travaillant pour lui Méli et Mélo
89%
Hibou mâle travaillant au musée Thibou
86%
Renard commerçant et arnaqueur Rounard
81%
Taupe apparaissant si le jeu est quitté sans sauvegarde Resetti
80%
Hibou femelle travaillant au musée Céleste
79%
Chamelle vendeuse de tapis et papiers peints rares Sarah
79%
Kappa vert chauffeur de taxi (peut conduire également un bateau) Amiral
76%
Hérisson femelle couturière à la boutique des Sœurs doigts de fée, aînée de ses deux sœurs Cousette
76%
Chien musicien Kéké
76%
Alpaga bleu tenant le magasin Reventes & Retouches avec sa femme Serge
76%
Personnage n’apparaissant pas mais envoyant des lettres et cadeaux au joueur Maman
74%
Alpaga rose tenant le magasin Reventes & Retouches avec son mari Risette
72%
Hérisson femelle gérante de la boutique des Sœurs doigts de fée travaillant avec sa sœur aînée et son autre sœur Layette
71%
Vieille tortue maire Tortimer
71%
Belette mâle gris assureur puis travaillant à l’Académie des Joyeux Décorateurs Lionel
70%
Girafe styliste Carla
69%
Paresseux tenant un magasin de jardinage Racine
68%
Moufette cireur de chaussures ou tenant une boutique de chaussures Blaise
63%
Chatte se perdant dans le village du joueur dans Wild World et Let’s Go To The City, puis voyageant beaucoup dans New Leaf Cathie
63%
Hérisson femelle travaillant aux galeries Chez Carla ou travaillant avec ses sœurs Maria
63%
Mouette marin Gulliver
62%
Autre personnage n’apparaissant pas mais envoyant quelques lettres et cadeaux au joueur Papa
59%
Pigeon travaillant au café Le Perchoir ou ayant son propre café Robusto
59%
Chien (shih tzu) marron travaillant à l’Académie des Joyeux Décorateurs Max
58%
Panthère noire lisant l’avenir Astrid
56%
Axolotl psychologue et humoriste Ciboulot
54%
Kappa femelle femme d’Amiral Liliane
53%
Belette femelle rose travaillant à l’Académie des Joyeux Décorateurs et nièce de Lionel Lou
53%
Renne distribuant des cadeaux le jour des cadeaux Rodolphe
53%
Loutre rouge philosophe passant son temps au bord de l’eau Pascal
52%
Lapin apparaissant à la fête des œufs Albin
51%
Chat bleu posant des questions pour déterminer l’apparence du joueur Charly
51%
Chien (cocker) gérant de la cavaranerie (apparu dans New Leaf) Joe
51%
Pélican femelle blanche et toujours de bonne humeur travaillant à la mairie (poste) Opélie
50%
Pélican facteur Antoine
49%
Caniche rose coiffeuse Ginette
48%
Laie (sanglier femelle) vendeuse de navets Porcella
48%
Bonhomme de neige pouvant être construit par le joueur Yétiti
48%
Pélican femelle violette et toujours de mauvaise humeur travaillant à la mairie (poste) Elisabec
43%
Spectre Citrouille apparaissant à Halloween Jacqu'O
41%
Esprit/génie blanc Follet
40%
Chatte blanche sans visage Blanca
37%
Chien (bouledogue) policier et garde-frontière mou et peu sûr de lui Chausset
35%
Paon multicolore apparaissant au carnaval Roberto
35%
Singe chef de gare Lazare
33%
Chien policier et garde-frontière très dynamique Maret
33%
Dindon apparaissant le quatrième jeudi de novembre Dindou
32%
Morse voyageur toujours affamé Morsicus
32%
Personnage n’apparaissant jamais mais étant mentionné en tant que styliste venant de Chépaou, apparait aussi en tant que chat pantin Chépaki
31%
Castor organisant des tournois de pêche Castor
29%
Frère de Resetti Don Resetti
29%
Bonhomme de neige fait avec deux grosses boules de neige Papayéti
27%
Caméléon organisant une chasse aux insectes « insectofaris » Djarod
26%
Lion de mer apparaissant les jours nuageux ou ensoleillés et pouvant offrir des ballons Hélium
24%
Kappa femelle fille d’Amiral et Liliane Lila
24%
Chatte mère de Cathie Cathou
20%
Personnage apparaissant lors de la fête du chêne Cornimer
20%
Vieille kappa mère d’Amiral Mamiral
20%
Chienne (chihuahua) blanche déesse de la fontaine Shivava
18%
Lézard à collerette pouvant apprendre des mimiques rares au joueur Senseï
15%
Bonhomme de neige fait avec deux petites boules de neige Titiyéti
14%
Aucun quiz correspondant
Distribution des résultats
% des personnes avec chaque résultat
Percentile par nombre de réponses
Votre historique - résultats
Vous n’avez pas pris ce quiz